[Event "Capablanca Memorial Elite 37th"]
[Site "Havana"]
[Date "2002.05.10"]
[Round "5"]
[White "Kogan, Artur"]
[Black "Arencibia Rodriguez, Walter"]
[Result "1-0"]
[WhiteElo "2540"]
[BlackElo "2540"]
[Annotator "Milov,V"]
[PlyCount "59"]
[EventDate "2002.05.06"]
[EventType "tourn"]
[EventRounds "9"]
[EventCountry "CUB"]
[EventCategory "13"]
[SourceTitle "CBM 089"]
[Source "ChessBase"]
[SourceDate "2002.08.12"]
[SourceVersion "1"]
[SourceVersionDate "2002.08.12"]
[SourceQuality "1"]

1. d4 d5 2. Nf3 Nf6 3. c4 e6 4. Nc3 Be7 5. cxd5 exd5 6. Bf4 c6 7. Qc2 g6 {
[%cal Yc8f5]} (7... Nbd7 8. e3 O-O 9. Bd3 Re8 10. O-O Nf8 11. Rab1 Nh5 12. Be5
f6 13. Bg3 Be6 14. b4 Nxg3 15. hxg3 $14) 8. Ne5 {[%cal Yf2f3,Ye2e4] White's
plan - building up a pawn centre by f2-f3, e2-e4 and looking for an active
play in the centre and on the kingside.} (8. e3 Bf5 9. Bd3 Bxd3 10. Qxd3 Nbd7
11. O-O O-O 12. Rab1 a5 $11) 8... Bf5 9. Qd2 (9. Qb3 Qb6 $11) 9... Nbd7 {
Black wants to exchange the strong knight on e5.} (9... Ne4 10. Nxe4 Bxe4 11.
f3 Bf5 12. e4 Be6 13. Be2 f6 (13... O-O 14. O-O Nd7 15. Nd3 Re8 16. Be3 dxe4
17. fxe4 Nf6 18. Nf2 a5 19. b3 a4 20. b4 a3 21. Rac1 Qd7 22. b5 Ra4 23. bxc6
bxc6 24. Rb1 Bc4 25. Bxc4 Rxc4 26. Rb3 $16 {1-0 Kogan,A-Barsov,A/Vlissingen
1996/CBM 53 ext (42)}) 14. Ng4 Nd7 (14... Bxg4 15. fxg4 dxe4 16. O-O Qd5 17.
Rac1 $36) 15. Ne3 (15. Nf2 $142 $14) 15... Nb6 16. O-O O-O 17. b4 f5 18. exf5
Bxf5 19. a4 Be6 20. Bh6 Rf7 21. a5 Nd7 22. Nd1 Bd6 23. f4 Qe7 24. b5 c5 25. a6
{1/2-1/2 Kogan,A-Narciso Dublan,M/Lisbon 2001/EXT 2002 (25)}) 10. f3 Nxe5 11.
Bxe5 O-O 12. g4 {White starts an attack on the kingside using the weakened
black pawn structure.} Be6 13. h4 Nd7 14. Bg3 Nb6 15. e3 f5 ({better is} 15...
Rc8 $5 16. Bd3 c5 $132 {responding with the counterplay in the centre.}) 16. g5
(16. h5 g5 17. gxf5 Rxf5 18. Be2 $36) 16... Bf7 17. O-O-O Nc4 $6 ({better is} 
17... Rc8 18. Be5 c5 19. f4 $36 {[%cal Rh4h5] /\ 20.h5}) 18. Bxc4 dxc4 19. Be5
$16 {The position has been determined. White is dominating in the centre and
on the kingside, Black - on the queenside. Accordingly, both sides are trying
to develop the initiative on that side, where they are stronger.} (19. e4 $5 b5
(19... fxe4 20. fxe4 b5 21. d5 cxd5 22. Nxd5 Bxd5 23. exd5 $16) 20. d5 Qa5 21.
dxc6 fxe4 22. fxe4 b4 23. Nd5 Rfe8 24. Kb1 $16) 19... b5 20. d5 Qa5 {Black
frees a square d8 and brings its main piece to the attack.} (20... cxd5 21. h5
$1 $16 (21. Nxd5 Bxd5 22. Qxd5+ Qxd5 23. Rxd5 a6 24. Rhd1 $14)) 21. d6 (21.
dxc6 $2 Rad8) 21... Rfd8 $2 {A superficial move. Black does not feel the the
danger.} (21... Bd8 $142 22. h5 gxh5 (22... b4 $2 23. Qd4 Bb6 (23... Bxg5 24.
Bh8 Bxe3+ 25. Qxe3 $18) 24. hxg6 Bxg6 25. Qxc4+ Bf7 26. Rxh7 Qxe5 27. Rxf7
Qxe3+ 28. Kb1 Rxf7 29. g6 Raf8 30. gxf7+ Rxf7 31. Qxb4 Qxf3 32. d7 $18) 23. Qd4
Bb6 24. Qf4 b4 25. g6 Bxg6 (25... hxg6 $2 26. Rxh5 $1 $18) 26. Qxc4+ Rf7 27.
Qxc6 Bxe3+ 28. Kb1 Rd8 29. Nd5 b3 30. a3 $16) 22. h5 {White begins an active
actions, carry out a beautiful combination where it should foresee his 26th
and 30th moves.} b4 (22... Bxg5 $2 23. hxg6 Bxg6 24. Rxh7 $3 Bxh7 25. Qg2 $18)
23. hxg6 Bxg6 24. Qd4 $1 bxc3 25. Qxc4+ Bf7 26. Qxf7+ $3 $18 {This leads to
mate or to the big material gains.} Kxf7 27. Rxh7+ Ke8 (27... Kf8 28. dxe7+ Ke8
29. exd8=Q+ Rxd8 30. Rxd8+ Kxd8 31. Bc7+) 28. Rxe7+ Kf8 29. Bg7+ Kg8 30. Rh1
1-0

[Event "Julian Borowski-A 2nd"]
[Site "Essen"]
[Date "2000.05.04"]
[Round "7"]
[White "Huebner, Robert"]
[Black "Milov, Vadim"]
[Result "1/2-1/2"]
[WhiteElo "2620"]
[BlackElo "2653"]
[Annotator "Milov,V"]
[PlyCount "43"]
[EventDate "2000.04.27"]
[EventType "tourn"]
[EventRounds "9"]
[EventCountry "GER"]
[EventCategory "15"]
[SourceTitle "CBM 077"]
[Source "ChessBase"]
[SourceDate "2000.07.27"]
[SourceVersion "1"]
[SourceVersionDate "2000.07.27"]
[SourceQuality "1"]

1. d4 Nf6 2. c4 e6 3. Nf3 d5 4. Nc3 Nbd7 5. cxd5 exd5 6. Bf4 c6 7. e3 (7. Qc2
Nh5 (7... Be7 8. h3 O-O 9. e3 Nh5 $6 10. Bh2 g6 11. Bd3 Ng7 12. O-O-O Nb6 13.
g4 $14 {1-0 Dautov,R-Milov,V/Essen 1999/CBM 71/[Dautov] (53)}) 8. Bg5 (8. Bd2
Nb6 9. O-O-O Be7 10. Ne5 Be6 11. e3 Nf6 12. Bd3 Ng4 13. Be1 $13 {Rustemov,
A-Kiriakov,P/Russia (ch) 1997}) 8... Be7 9. Bxe7 Qxe7 10. e3 Nb6 11. O-O-O g6
12. Bd3 Bg4 13. h3 Bxf3 14. gxf3 O-O-O 15. f4 Kb8 16. Kb1 Nf6 17. h4 Nc8 18.
Be2 Nd6 19. h5 Nde4 {0,5 Hertneck-Milov,Pula(zt),2000}) 7... Nh5 $1 8. Bg5 Be7
9. Bxe7 Qxe7 10. Qc2 g6 11. O-O-O Nb6 12. Bd3 Bg4 13. Ne2 O-O-O 14. Ne5 Be6 15.
Kb1 Kb8 16. Rc1 (16. Qxc6 $6 bxc6 17. Nxc6+ Kc7 18. Nxe7 Kd6 19. Nxd5 Nxd5 $15)
16... f6 17. Nf3 Ng7 18. Nf4 Bf5 19. Nd2 Bxd3 20. Nxd3 Ne6 21. h4 Nc8 22. Nb3
1/2-1/2

[Event "USA-CHN Summit 2nd"]
[Site "Shanghai"]
[Date "2002.07.12"]
[Round "2"]
[White "Seirawan, Yasser"]
[Black "Xu, Jun"]
[Result "1/2-1/2"]
[WhiteElo "2618"]
[BlackElo "2654"]
[Annotator "Milov,V"]
[PlyCount "77"]
[EventDate "2002.07.11"]
[EventType "team"]
[EventRounds "4"]
[EventCountry "CHN"]
[SourceTitle "CBM 091"]
[Source "ChessBase"]
[SourceDate "2002.11.12"]
[SourceVersion "1"]
[SourceVersionDate "2002.11.12"]
[SourceQuality "1"]

1. d4 Nf6 2. c4 e6 3. Nf3 d5 4. cxd5 exd5 5. Nc3 c6 6. Bg5 Bf5 (6... Be7 7. Qc2
g6 8. e4 O-O (8... Nxe4 9. Bxe7 Kxe7 10. Nxe4 dxe4 11. Qxe4+ Be6 12. Bc4 Qa5+
13. Kf1 Qf5 14. Qe3 Nd7 15. Re1 Rae8 16. d5 cxd5 17. Bb5) (8... dxe4 9. Bxf6
Bxf6 10. Qxe4+ Kf8) 9. e5 Ne4 10. Bh6 Re8 11. Bd3 (11. h3 Nxc3 12. bxc3 c5 13.
Bb5 Nc6 14. O-O Bf5 15. Qd2 Qa5 16. Bxc6 bxc6 17. dxc5 Qxc5 18. Nd4 Bd7) 11...
Nxc3 12. bxc3 c5 13. h4 cxd4 14. h5 g5 15. Bxh7+ $16 {1-0 Kamsky,G-Shirov,A
Dortmund, 1992}) (6... h6 7. Bh4 Bf5 8. Qb3 (8. e3 Be7 (8... Qb6 9. Qb3 Ne4 10.
Nd2 Nxd2 11. Kxd2 Nd7 12. Be2 Bd6 13. g4 Bh7 14. Bg3 Qc7 15. Qb4 Bxg3 16. hxg3
a5 $132 {0-1 Toth,P-Kharlov,A/Sao Paulo CLA ITAU 1991 (39)}) 9. Bd3 Bxd3 10.
Qxd3 Nbd7 11. O-O O-O 12. Rab1 $14 {1/2-1/2 Lobron,E-Prie,E/Clichy Eurocup tt
1995 (55)}) 8... g5 9. Bg3 Qb6 10. e3 Ne4 (10... Nbd7 11. h4 (11. Be2 Ne4 12.
Nd2 Qxb3 13. axb3 Bb4 14. Ndxe4 Bxe4 15. f3 Bc2 16. Bd1 Bxd1 17. Kxd1 f5 $11 {
1/2-1/2 Stankovic,D-Karaklajic,N/JUG-Cup Svetozarevo 1990}) 11... g4 12. Ne5
Nh5 13. Bh2 g3 14. Nxd7 Kxd7 15. Be2 gxf2+ 16. Kxf2 Nf6 17. Be5 Be7 $11 {
1/2-1/2 Stoeber,M-Wilson,J/Hastings Challengers 1995 (30)}) 11. Nxe4 Bxe4 12.
Nd2 Bf5 13. O-O-O Nd7 14. h4 Rc8 15. Bd3 Bxd3 16. Qxd3 c5 17. hxg5 Bg7 18. gxh6
Rxh6 19. Rxh6 Qxh6 20. Kb1 $14 {1/2-1/2 Seiravan,J-Zvjagincev,V FIDE-Wch k.o.
1997 (26)}) 7. Qb3 Nbd7 $5 {an interesting pawn sacrifice} (7... Qb6 8. Bxf6
Qxb3 9. axb3 gxf6 10. e3 Nd7 11. Kd2 Nb6 12. Bd3 Bg6 13. Nh4 Nc8 14. Nf5 Bxf5
15. Bxf5 Nd6 16. Bd3 $14 {1/2-1/2 Brunner,L-Zvjaginsev,V Biel, 1995 (34)}) 8.
Qxb7 Rb8 9. Qxc6 Rxb2 10. g4 Bc2 $6 {now White is getting an advantage} ({
much more dangerous fo White is} 10... Rb6 $5 11. Qa4 (11. Bxf6 gxf6 12. Qxd5
Qc8 13. Ne4 Be6 14. Qh5 Rc6 15. Bh3 Rc1+ 16. Kd2 Bb4+ 17. Ke3 Rc3+ 18. Nxc3
Qxc3+ 19. Ke4 f5+ 20. Kf4 Bd6+ 21. Kg5 h6+ 22. Kh4 Be7+ 23. Kg3 Nf6 {0-1
Erikalov,A-Kaidanov,G/Smolensk 1986/EXT 99 (23)}) 11... Bb4 12. Bd2 Qc8 13.
Nxd5 Nxd5 14. gxf5 Bxd2+ 15. Nxd2 Nb4 16. Kd1 O-O 17. Bg2 Qc3 18. Rc1 Qxd4 19.
a3 Nc5 20. Rxc5 Rd8 $19 {0-1 Raicevic,V-Arkhipov,S Moscow, 1986 (23)}) 11. Bxf6
Qxf6 {this move is new but it doesn`t change the evaluation of the position} (
11... gxf6 12. Bg2 Rb6 13. Qxd5 Qc7 14. Ne4 Bb4+ 15. Nfd2 h5 16. a3 Bb3 17. Qf5
Be6 18. Qf3 hxg4 19. Qg3 Bxd2+ 20. Nxd2 Qc2 21. d5 $16 {1-0 Farago,I-Bielczyk,
J Rubinstein mem, 1978 (39)}) 12. Qc8+ Qd8 13. Qxd8+ Kxd8 14. a3 $16 {Inspite
of white`s material advantage, he has to be very accurate as the black pieces
are very active.} Rb3 15. Nxd5 (15. Ng5 Bg6 16. Nxd5 h6 17. Nf3 Be4) 15... Be4
16. Ne3 h5 $1 {Black isn`t in a hurry to take the pawn a3 because it`s more
important to bring the maximal number of pieces into play and the rook h8 in
particular.} 17. Bg2 (17. Ng5 Bg6 18. Bg2 Rxa3 19. Rxa3 Bxa3 $14) 17... hxg4
18. Nxg4 Rb2 $6 (18... Bxa3 19. O-O $16) (18... Rxa3 $5 19. Rxa3 Bxa3 20. O-O
$16) 19. Ne3 {White could also try to make use of the rook h1} (19. Rg1 $5 Bxa3
20. Nfe5 Nxe5 21. Nxe5 Bb4+ 22. Kf1 Bg6 23. Be4 Rxh2 24. Bxg6 fxg6 25. Nf3 Rh5
26. Rxa7 $18) 19... Rh5 20. Nd2 Bxg2 21. Nxg2 Nb6 22. Ne3 Be7 23. Ndc4 Nxc4 24.
Nxc4 Rc2 25. Ne5 (25. Ne3 Rb2 26. Rg1 g6 27. Nc4 Rc2 28. Ne5 $16) 25... f6 26.
Kd1 (26. Nd3 Bd6 27. a4 Rxh2 28. Rxh2 Bxh2 $16) 26... Rc7 27. Nd3 Ra5 28. Kd2 (
28. a4 Rc4 29. e3 Raxa4 30. Rxa4 Rxa4 31. Kc2 $16) 28... Rc4 29. Ke3 Bd6 30. h4
Ke7 31. h5 (31. Rhg1 $5 Kf7 32. Rg4 $16) 31... Raa4 32. Rhb1 $6 {this looks
like giving away the win} (32. Rab1 $1 Rxd4 33. Rb7+ Kf8 34. h6 gxh6 35. Rxh6
Re4+ 36. Kd2 Re7 37. Rxf6+ Ke8 38. Rxd6 Rxb7 39. Nc5 Rb2+ 40. Kc3 $18) 32...
Rxd4 33. Rb7+ Kf8 34. Kf3 $6 (34. Rc1 Re4+ 35. Kf3 Re7 36. Rc8+ Kf7 $11) 34...
Rh4 35. Rc1 $11 (35. e3 Rxh5 36. Rc1 Kg8 37. Rd7 Bxa3 $11) 35... Rh3+ 36. Kg2
Rh2+ 37. Kf3 Rh3+ 38. Kg2 Rh2+ 39. Kf3 1/2-1/2

[Event "Windesheim op"]
[Site "Zwolle"]
[Date "2003.03.08"]
[Round "3"]
[White "Milov, Vadim"]
[Black "Gaponenko, Inna"]
[Result "1-0"]
[WhiteElo "2592"]
[BlackElo "2411"]
[Annotator "Milov,V"]
[PlyCount "57"]
[EventDate "2003.03.07"]
[EventType "swiss"]
[EventRounds "6"]
[EventCountry "NED"]
[SourceTitle "CBM 094"]
[Source "ChessBase"]
[SourceDate "2003.05.26"]
[SourceVersion "1"]
[SourceVersionDate "2003.05.26"]
[SourceQuality "1"]

1. d4 d5 2. c4 e6 3. Nc3 Nf6 4. cxd5 exd5 5. Bg5 Be7 6. e3 O-O 7. Bd3 Nbd7 8.
Nge2 b6 9. O-O Bb7 10. Rc1 a6 11. Ng3 g6 (11... Ne4 $2 12. Ncxe4 dxe4 13. Bxe7
Qxe7 14. Rxc7) (11... c5 12. Nf5 c4 13. Bb1 (13. Nxe7+ Qxe7 14. Bf5 Rfd8 15.
Qf3 Nf8 $14) 13... b5 14. e4 $1 dxe4 15. Bxe4 Bxe4 16. Nxe4 $16 Nd5 $140 17.
Bh6 gxh6 18. Qg4+ Bg5 19. Nxh6+ Kg7 20. Nxf7 $18) 12. f4 $1 $16 Re8 (12... c5
13. f5) 13. f5 c5 (13... Nh5 14. fxg6 fxg6 15. Bxe7 Qxe7 16. Nxh5 Qxe3+ 17. Kh1
gxh5 18. Bxh7+ Kxh7 19. Qxh5+ Kg8 20. Qg4+ Kh8 21. Qxd7 $16) 14. Qf3 Rc8 15. h4
{/\16.fg6 fg6 17.h5->} Kh8 {/\16...Ng8} 16. Nce2 $1 Ng8 $2 (16... Ne4 17. Bxe7
Qxe7 18. Bxe4 dxe4 19. Qf4 $16) 17. fxg6 fxg6 18. Bxg6 $3 $18 Bxg5 (18... hxg6
19. Nf4 Rc6 (19... Nf8 20. Nxg6+ $18) 20. Nxg6+ Rxg6 21. Qh5+ Rh6 (21... Kg7
22. Nf5+) 22. Bxh6 $18) 19. Bxe8 Bxe3+ 20. Qxe3 Qxe8 21. Qxe8 Rxe8 22. Nf4 Ngf6
23. Nf5 Ne4 24. Nh5 c4 25. Rf4 b5 26. Nh6 b4 27. Re1 {/\28.Rg4} (27. Rf7) (27.
Rg4 Nd6 28. Rf1) 27... Bc6 28. Rg4 Rf8 29. Rg8+ 1-0

[Event "YUG-ch 57th"]
[Site "Banja Koviljaca"]
[Date "2002.03.29"]
[Round "13"]
[White "Damljanovic, Branko"]
[Black "Blagojevic, Dragisa"]
[Result "1/2-1/2"]
[WhiteElo "2545"]
[BlackElo "2508"]
[Annotator "Milov,V"]
[PlyCount "76"]
[EventDate "2002.03.16"]
[EventType "tourn"]
[EventRounds "13"]
[EventCountry "YUG"]
[EventCategory "10"]
[SourceTitle "CBM 089"]
[Source "ChessBase"]
[SourceDate "2002.08.12"]
[SourceVersion "1"]
[SourceVersionDate "2002.08.12"]
[SourceQuality "1"]

1. c4 Nf6 2. Nc3 e6 3. d4 d5 4. Bg5 Nbd7 5. cxd5 exd5 6. e3 c6 7. Bd3 Bd6 8.
Nf3 Nf8 9. Ne5 {The main move. The White's plan - to strengthen the knight on
e5 by the means of f2-f4 followed by the active play on the kingside.} (9. O-O
Ng6 10. e4 dxe4 11. Nxe4 Be7 $11) 9... Qb6 (9... Qe7 10. f4 h6 11. Bh4 g5 12.
Bg3 (12. fxg5 hxg5 13. Bxg5 Rg8 14. Bh4 Bxe5 15. dxe5 Qxe5 $15 {1/2-1/2
Portisch,L-Ljubojevic,L/Niksic 1978/MCL (42)}) 12... gxf4 13. exf4 Ng4 14. Qe2
(14. O-O $5 Ne3 15. Qh5 Bxe5 16. dxe5 Nxf1 17. Rxf1 Rg8 18. Qxh6 $44 {1-0
Relange,E-Prie,E/Clichy 1995/CBM 51 ext (34)}) 14... h5 15. h3 Nxe5 16. fxe5
Bc7 17. Qf2 h4 18. Bf4 Be6 19. O-O O-O-O 20. Rab1 Rg8 21. Kh1 Ng6 22. Bh2 Qg5
23. b4 $36 {1-0 Niklasch,O-Muench,I/GER 1998/EXT 2001 (45)}) (9... Ng6 10. f4
O-O 11. Qc2 (11. O-O h6 12. Bxf6 Qxf6 $11) 11... Qe8 12. O-O Bb4 13. Kh1 Bxc3
14. bxc3 h6 15. f5 Bxf5 16. Bxf6 Bxd3 17. Qxd3 gxf6 18. Ng4 Kg7 19. Qf5 Qe7 20.
Qh5 $16 Rh8 21. Rxf6 Rad8 22. Raf1 Rd6 23. R6f5 Re6 24. h3 Rh7 25. R1f3 Nh8 26.
Nf6 Rxe3 27. Qg4+ Ng6 28. Rxe3 Qxe3 29. Nxh7 {1-0 Chernin,A-Cvetkovic,S/
Belgrade 1988/CBM 10 (29)}) 10. O-O (10. Rb1 Bxe5 11. dxe5 N6d7 12. Bf4 Ne6 13.
O-O O-O {unclear}) 10... Bxe5 (10... Qxb2 $6 11. Rc1 Ng6 12. f4 O-O 13. Rc2 Qb6
(13... Qa3 $142) 14. Bxf6 gxf6 15. Ng4 Bxg4 16. Qxg4 Kh8 17. Rb1 Qc7 18. Nxd5
Qd8 19. Nc3 Bxf4 20. Re2 Re8 21. Ne4 Bxe3+ $2 22. Rxe3 Qxd4 23. Rbe1 Ne5 24.
Qf5 $18 {Timman-Ljubojevic, KRO m Hilversum 1987, 1-0}) 11. dxe5 N6d7 (11...
Ng4 12. Qa4 Qxb2 13. Rac1 Bd7 14. Qd4 $1 f6 15. exf6 gxf6 16. Bxf6 Rg8 17. Nb5
Qxb5 18. Bxb5 Ne6 19. Qb2 cxb5 20. Bh4 {Jussupow-Nogueiras Monpellier 1985 1:0}
) 12. Na4 Qc7 13. f4 Ne6 14. Bh4 Nec5 15. Nxc5 Nxc5 16. Bc2 O-O (16... Qb6 17.
Qd4 Ne4 18. f5 $14) 17. Qh5 {White has a serious advantage thanks to the
advantage of two Bishops and the pawn majority on the kingside.} (17. Qd4 $5 {
is also possible:} Ne4 $140 (17... Ne6 18. Qd3) 18. Bxe4 dxe4 19. f5 $16) 17...
Ne4 18. Bxe4 dxe4 19. Rad1 {White has got a very promising position and has
good chances to create an attack on the kingside.} Be6 20. Rd6 Bc4 (20... Bxa2
$6 21. Rh6 $3 g6 22. Qg4 Be6 (22... f5 23. exf6 $16) 23. f5 Qxe5 24. fxe6 f5
25. Qh3 Qxe6 26. Be1 Rf7 27. Bc3 $16) (20... Qb6 21. f5 Bxa2 22. Qg5 Kh8 23. f6
g6 24. Qh6 Rg8 25. Bg5 Rae8 26. Rd4 Rxe5 27. Rf4 Rxg5 28. Qxg5 Qxb2 29. Qh6 Qe2
30. Rf2 Qe1+ 31. Rf1 Qa5 32. Rxe4 Qh5 33. Qxh5 gxh5 34. Re7 $16) 21. Rfd1 (21.
Rh6 $6 g6 22. Qg4 f5 $5 (22... Bxf1 23. Bf6 Be2 24. Qxe2 Qd7 25. Qe1 $18) 23.
exf6 Bxf1 24. f5 Qd7 (24... Be2 25. Qg5 $6 (25. Qxe2 gxf5 26. Rh5 Qd7 27. Rg5+
Kh8 28. Be1 Rf7 29. Qf2 $13) 25... Bh5 26. Rxh5 Rxf6 27. Qg4 Rd6 $17) 25. Rxh7
Qxf5 26. Qxf5 gxf5 27. Rg7+ Kh8 28. Kxf1 $44) 21... Bd5 22. Qg4 $6 {Negligence.
Having serious advantage White played very carelessly, almost allowing Black
to take over the initiative.} (22. Rh6 $3 g6 (22... gxh6 23. Qg4+ Kh8 24. Bf6#)
23. Qg4 f5 $8 24. exf6 $16) 22... f5 $1 23. exf6 $6 (23. Qg3 $5 $14) 23... Rf7
24. R6xd5 cxd5 25. fxg7 Qb6 $5 26. Qe2 Rxf4 {Black has material advantage but
White has a sufficient compensation due to the vulnerable position of the
black king.} 27. Be1 $1 {transfering the bishop to the big diagonal.} Rd8 (
27... Rf5 $5) 28. Bc3 Rf7 29. Bd4 $44 Qe6 30. h3 Rc8 31. Bc3 Rxc3 $6 {Black is
hurrying up to give back the exchange.} (31... Rf5 $5 {deserved attention}) 32.
bxc3 Rxg7 33. Qh5 Qf7 $6 34. Qe5 $6 {Allowing Black to force a draw.} ({
better is} 34. Qxd5 Qxd5 35. Rxd5 Rc7 36. a4 Rxc3 37. Rd8+ (37. Kf2 $5) 37...
Kf7 38. Rd7+ $14) 34... Rxg2+ $1 35. Kxg2 Qf3+ 36. Kh2 Qf2+ 37. Kh1 Qf3+ 38.
Kh2 Qf2+ 1/2-1/2

[Event "Bundesliga 0405 playoff"]
[Site "Bremen"]
[Date "2005.05.08"]
[Round "1.3"]
[White "Sokolov, Ivan"]
[Black "Pelletier, Yannick"]
[Result "1-0"]
[WhiteElo "2685"]
[BlackElo "2604"]
[Annotator "Pelletier,Y"]
[PlyCount "63"]
[EventDate "2005.05.08"]
[EventType "team-match"]
[EventRounds "1"]
[EventCountry "GER"]
[SourceTitle "CBM 107"]
[Source "ChessBase"]
[SourceDate "2005.08.01"]
[SourceVersion "1"]
[SourceVersionDate "2005.08.01"]
[SourceQuality "1"]
[WhiteTeam "Porz"]
[BlackTeam "Werder Bremen"]
[WhiteTeamCountry "GER"]
[BlackTeamCountry "GER"]

1. d4 d5 2. c4 c6 3. Nf3 Nf6 4. Nc3 e6 5. Bg5 Nbd7 6. cxd5 exd5 7. e3 Be7 8.
Bd3 Ne4 9. Bf4 Ndf6 10. Qc2 Bf5 11. Ne5 g6 12. O-O Nd6 ({Es war unnötig, den
aktiven Springer ohne Zwang zurückzuziehen. Nach} 12... O-O 13. f3 Nd6 {
funktionniert} 14. e4 $2 {nämlich nicht wegen} dxe4 15. fxe4 Ndxe4) 13. b4 $5 {
Weiß verlässt das Spiel im Zentrum für eine Minoritätsangriff.} Rc8 $5 (13...
Bxd3 14. Nxd3 O-O 15. Bxd6 (15. a4 $14) 15... Bxd6 16. b5 $14) 14. b5 c5 ({
Dafür überlegte ich sehr lange, denn die Folgen von} 14... cxb5 {waren schwer
zu berechnen. Mir gefiel nicht das Qualitätsopfer nach} 15. Qb3 ({aber auch} 
15. Bxf5 Nxf5 16. Qb3 a6 17. Bg5 $36 {ist für Weiß interessant}) 15... Bxd3 (
15... O-O 16. Nxb5 $16 (16. Nxd5 Nxd5 17. Qxd5 Be6 18. Qf3 Rc3 (18... f6 19.
Nxg6 hxg6 20. Bxg6 Kg7 21. Qg3 Rg8 22. Rfd1 $44) 19. Rad1 $13) (16. Bxf5 Nxf5
17. Nxb5 a6 18. Nc3 $14)) 16. Nxd3 Nfe4 17. Nxd5 $1 {[%mdl 2048]} (17. Nxb5
Nxb5 18. Qxb5+ Qd7 19. Qb2 O-O $13) 17... Nd2 18. Qb4 (18. Qa3 Nxf1 19. Nxe7
Nc4) 18... Nxf1 (18... a5 19. Qxd2 Nc4 20. Qe2 Qxd5 21. Bh6 $16) 19. Nxe7 Kxe7
20. Rxf1 a5 21. Bxd6+ Qxd6 22. Qxa5 $36) 15. dxc5 (15. Qa4 Bxd3 16. Nxd3 cxd4
17. Qxd4 Nf5) 15... Rxc5 16. Bxf5 Nxf5 17. Qb3 O-O (17... Qa5 18. Rac1 O-O 19.
Nd3) {Hier dachte ich, etwa ausgeglichen zu haben, aber Ivan findet einen
starken Plan, der mir vor ernsthafte Probleme stellt.} 18. Na4 $5 (18. Rad1 d4
19. exd4 (19. Ne2 Qd5 20. Qxd5 Rxd5 21. Nxd4 Nxd4 22. Rxd4 Rxb5 $11) 19... Nxd4
20. Qa4 Rxc3 21. Rxd4 Qb6 (21... Qc8 22. Re1 $36) 22. Nd7 Nxd7 23. Rxd7 Bc5
$132 {/+=}) 18... Rc8 19. b6 $1 a6 (19... axb6 20. Nxb6 Rc5 21. Rfd1 $36) 20.
Rad1 (20. Nf3 $14 {hätte die Lage stabilisiert und den leichten weißen Vorteil
befestigt.}) 20... Bd6 21. Nc3 Ne7 $2 $138 ({Bis hier hatte ich viel mehr Zeit
verbraucht als mein Gegner. Mit etwa 10 Minuten auf der Uhr übrig zog ich den
Spriger schnell zurück, was ein klarer Fehler ist. Nach} 21... Re8 {entstehen
viele komplizierte Varianten:} 22. Nxd5 $1 (22. Nxf7 $2 Rxc3 $1) (22. Nf3 Bxf4
23. exf4 Rc6 $11) 22... Bxe5 (22... Rxe5 $6 23. Bxe5 Bxe5 24. Nxf6+ (24. f4 Bd6
) 24... Qxf6 25. Rd7 Nd6 (25... Bb8 26. Rxb7 Rd8 27. Rd1 $36) (25... Rd8 26.
Rxb7) 26. f4 (26. Rd1 Rc6) 26... Bc3 27. Rd1 Rc6 28. Rc7 Nb5 $1 29. Rxc6 Qxc6
30. Rd8+ (30. a4 Nd6 31. Rxd6 Qxd6 32. Qxc3 Qxb6 $11) 30... Kg7 31. a4 Qe4 32.
Kf2 Bd4 33. g3 (33. axb5 Bxb6 34. Rd3 Qxf4+ 35. Kg1 axb5 $13) 33... Bxb6 (33...
Qh1 34. axb5 Qxh2+ 35. Kf3 Bxb6 36. Rd7 Qh5+ 37. g4 Qh1+ 38. Ke2 Qg2+ 39. Kd3
Qf1+ 40. Ke4 Qh1+ 41. Ke5 Qa1+ 42. Kd5 axb5 43. Rxb7 $18) 34. Rd7 Bxe3+ 35.
Qxe3 Qxa4 36. Qe5+ Kh6 37. g4 $18) 23. Bg5 Nd4 $1 24. Bxf6 (24. Nxf6+ Qxf6 25.
Rxd4 Bxh2+ (25... Qxg5 26. f4) 26. Kxh2 Qxg5 27. Rd7 Re7 $11 {/+=}) (24. exd4
Bxh2+ (24... Qxd5 25. dxe5 Qxe5 26. Bc1) 25. Kxh2 (25. Kh1 Qxd5) 25... Ng4+ 26.
Kg3 Qxg5 27. f4 Qh5 28. Rh1 Qf5 29. Rhe1 Nf6 $36) 24... Ne2+ 25. Kh1 Bxf6 26.
Nf4 (26. Rfe1 Nd4 27. exd4 Rxe1+ 28. Rxe1 Bxd4 $11) 26... Nd4 27. exd4 Rc6 28.
Nd5 (28. Qf3 Rxb6 (28... Bg7 $5) 29. Nd5 Rd6 30. Nxf6+ Qxf6 31. Qxb7 Red8 32.
d5 Qc3 $11) 28... Ree6 (28... Re4 $5 $11) 29. Nc7 (29. a4 Red6 30. Nxf6+ Qxf6
31. a5 Rxd4 $11) 29... Red6 30. Rfe1 Rxb6 31. Re8+ Qxe8 32. Nxe8 Rxb3 33. axb3
Re6 $11) 22. Bg3 (22. e4 $16) 22... Bxe5 (22... Nh5 23. Nxd5 Nxd5 24. Rxd5 Nxg3
25. fxg3 $5 $18) 23. Bxe5 {Die Stellung ist nun nicht mehr zu retten.} Rc6 24.
e4 Rxb6 25. Qa3 Qd7 26. Bxf6 Rxf6 27. exd5 Rf5 28. d6 Nc8 29. Ne4 Rd8 30. Qc3
Qb5 31. d7 Ne7 32. Nd6 1-0